Baldur's Gate III Trivia - Statistics

General Stats
  • This quiz has been taken 163 times
  • The average score is 16 of 39
Answer Stats
Hint Answer % Correct
Goddess of secrets, darkness, and loss; worshipped by Shadowheart. Shar
92%
The year the game was released. 2023
87%
The game's level cap. 12
84%
Father of the Dark Urge. Bhaal
81%
What the Githyanki call Mind Flayers. Ghaik
77%
Deity worshipped by the above, with a ruined temple close by. Selune
76%
The layer of the Nine Hells the game starts in on the Nautiloid. Avernus
74%
Title of tadpoled individual by the Absolutist cultists. True Soul
74%
Dice color reward for completing the game on Honour Mode. Gold
68%
Another name for Mind Flayers. Illithid
67%
Robotic watchmen created by Enver Gortash and the Gondians. Steel Watch
66%
Cantrip that grants an extra 1d4 to ability checks, known by clerics and druids. Guidance
65%
Title of high-ranking worshippers of the above; the aspiration of Shadowheart. Dark Justiciar
63%
Rogue subclass that grants an extra bonus action. Thief
62%
The race of the Nightsong. Aasimar
57%
Sect of Deep Gnomes, led by Wulbren Bongle. Ironhand
54%
The sect of three gods whose Chosen serve as primary antagonists of acts II and III. Dead Three
50%
Father/grandfather of Orin the Red, presiding over the Murder Tribunal. Sarevok
45%
Voice actor for Astarion. Neil Newbon
44%
Cleric subclass that deals primarily thunder and lightning damage. Tempest
42%
Voice actor for Shadowheart. Jennifer English
35%
Voice actor for Minsc. Matthew Mercer
31%
Voice actor for Lae'zel. Devora Wilde
24%
Githyanki creche visited in Act II. Y'llek
24%
Real name of the goblin-infested village found in early Act I. Moonhaven
22%
Voice actor for Gale Dekarios. Tim Downie
19%
Song composed by Alfira in the druid's grove. Weeping Dawn
19%
Voice actor for Karlach. Samantha Beart
18%
Composer of the Baldur's Gate III soundtrack. Borislav Slavov
16%
Voice actor for the Narrator. Amelia Tyler
13%
Voice actor for Wyll Ravengard. Theo Solomon
13%
Voice actor for Halsin. Dave Jones
9%
God worshipped by gnolls. Yeenoghu
9%
Director of the game. Swen Vincke
7%
Voice actor for Minthara. Emma Gregory
6%
The pen name of Amanita Szarr following her being turned by the vampire lord Cazador Szarr. Lady Incognita
5%
Production company that handled voiceover, motion/performance capture, and sound design for the game. PitStop
4%
Voice actor for Jaheira. Tracy Wiles
4%
Performance Director of the game. Aliona Baranova
2%
No matching quizzes found
Score Distribution
Percent of People with Each Score
Percentile by Number Answered
Your Score History
You have not taken this quiz